Statistics for Record Breaking Attractions in Every State

Click here to take the quiz!

General Stats

  • This quiz has been taken 9 times
  • The average score is 35 of 50

Answer Stats

AttractionState% Correct
Highest Point in North AmericaAlaska
86%
Largest American CactusArizona
86%
Most Different Species of Mammals in one StateMontana
86%
Tallest Building in USNew York
86%
Largest Land Animal Skull Ever DiscoveredOklahoma
86%
Most Caves in USATennessee
86%
World's Largest Natural ArchUtah
86%
Top Producer of Apples in the USWashington
86%
Highest Diversity of Freshwater Turtles in the USAlabama
71%
Oldest Protected Area in the USArkansas
71%
Most National Parks in the USCalifornia
71%
Highest Suspension Bridge in USColorado
71%
Only Contiguous Coral Barrier Reef in North AmericaFlorida
71%
Largest Backwater Swamp in North AmericaGeorgia
71%
World's Most Active VolcanoHawaii
71%
Deepest Gorge in North AmericaIdaho
71%
World's Only River to Flow BackwardIllinois
71%
Longest Navigable Underground River in the USIndiana
71%
Tallest Working Grain Windmill in the USIowa
71%
Largest ball of TwineKansas
71%
Worlds Largest Known Cave SystemKentucky
71%
First Subway System in the USMassachusetts
71%
Only Home of Mississippi Sandhill CranesMississippi
71%
Steepest Wooden Roller CoasterMissouri
71%
Most Miles of River in the USNebraska
71%
World's Tallest Observation WheelNevada
71%
Biggest Roller Coaster DropNew Jersey
71%
Deepest Cave in the USNew Mexico
71%
Longest Wing CoasterOhio
71%
Deepest Lake in the USOregon
71%
Oldest Operating Roller CoasterPennsylvania
71%
Largest Urban Bat ColonyTexas
71%
Smallest State CapitolVermont
71%
Only Single Span Arched Covered Bridge in the USVirginia
71%
Only Outdoor Monument to Presidential BathingWest Virginia
71%
First National ParkWyoming
71%
Last State To Have Site Protected by the National Park ServiceDelaware
57%
Longest bridge in the USLouisiana
57%
Most Eastern City in USMaine
57%
Oldest State Capital in Continuous UseMaryland
57%
Most Lighthouses of any StateMichigan
57%
Worlds Biggest Paul BunyanMinnesota
57%
Oldest Extant Covered Railroad Bridge in the U.S.New Hampshire
57%
First National SeashoreNorth Carolina
57%
Top Producer of Sunflowers in the USNorth Dakota
57%
Smalles State in the USRhode Island
57%
World's Largest Fire HydrantSouth Carolina
57%
World's Only Corn PalaceSouth Dakota
57%
Top Milk Provider in USWisconsin
57%
Oldest Public Art Museum in the USConnecticut
43%

Score Distribution

Percentile by Number Answered

Percent of People with Each Score

Your Score History

You have not taken this quiz